书目信息 |
| 题名: |
旅游建筑设计经典
|
|
| 作者: | 文世华 主编 | |
| 分册: | ||
| 出版信息: | 沈阳 辽宁科学技术出版社 1995.03 |
|
| 页数: | 184页 | |
| 开本: | 16开 | |
| 丛书名: | ||
| 单 册: | ||
| 中图分类: | ||
| 科图分类: | ||
| 主题词: | 民用建筑--建筑设计 | |
| 电子资源: | ||
| ISBN: | 7-5381-1965-5 | |
| 000 | 00587nam0 2200205 45 | |
| 001 | 9910131547 | |
| 005 | 19991013153154.4 | |
| 010 | @a7-5381-1965-5@d60.00元 | |
| 100 | @a19991013d1995 km y0chiy0120 ea | |
| 101 | @achi | |
| 105 | @a z 000yy | |
| 200 | 1 | @a旅游建筑设计经典@ALu You Jian Zhu She Ji Jing Dian@f文世华主编@FWen Shi Hua Zhu Bian |
| 210 | @a沈阳@c辽宁科学技术出版社@d1995.03 | |
| 215 | @a184页@d16开 | |
| 606 | 0 | @a民用建筑@x建筑设计 |
| 690 | @v3 | |
| 690 | @aTU247.7 | |
| 701 | @a文世华@4主编 | |
| 801 | @aCN@bPFTUser@c19991013 | |
| 905 | @f2@b41336-337@dTU247.7@eW331 | |
| 旅游建筑设计经典/文世华主编.-沈阳:辽宁科学技术出版社,1995.03 |
| 184页;16开 |
| ISBN 7-5381-1965-5:60.00元 |
| ● |
| 相关链接 |
|
|
|
正题名:旅游建筑设计经典
索取号:TU247.7/W331
 
预约/预借
| 序号 | 登录号 | 条形码 | 馆藏地/架位号 | 状态 | 备注 |
| 1 | 41336 | 200413365 | 建筑库101/101建筑库 71排3列2层/ [索取号:TU247.7/W331] | 在馆 | |
| 2 | 41337 | 200413374 | 建筑库101/101建筑库 71排3列2层/ [索取号:TU247.7/W331] | 在馆 |